00616 2200217 4500001002100000005001500021035002000036245005100056100002800107250001000135300003900145260003600184082000800220084001400228020001900242600004000261600003200301600003400333505001100367990002000378INLIS00000000000458720231017072408 a0010-10230000471 aBook Of Life Burung /cCamilla De La Bedoyere0 aCamilla De La Bedoyere aCet 1 a68 hlm, :bilus ;c17,2 x 24,7 cm. aBandung; :bPakar Raya;,c2013. a598 a598 CAM b a978979534783-5 aPengalih Bahasa,Rachmad Isnanto S.S aPenyunting materi,Rudiyanto aPenggambar Ulang,Deni Sarjoko aIndeks a12479/P/BL/2016